« Μοντέρνα Κίρκη » : τουρισμός και ελληνική κοινωνία την περίοδο 1950-1974

Αποθηκεύτηκε σε:
Λεπτομέρειες βιβλιογραφικής εγγραφής
Κύριος συγγραφέας: Νικολακάκης, Μιχάλης
Άλλοι συγγραφείς: Ζαχαράτος, Γεράσιμος (Συγγραφέας εισαγωγής κ.λπ.)
Μορφή: Βιβλίο
Γλώσσα:Greek
Δημοσίευση: Αθήνα : Αλέξάνδεια, 2017.
Σειρά:Νεότερη και σύγχρονη ιστορία (Αλεξάνδρεια)
Θέματα:
Ετικέτες: Προσθήκη ετικέτας
Δεν υπάρχουν, Καταχωρήστε ετικέτα πρώτοι!

MARC

LEADER 00000cam a2200000 a 4500
001 1/116340
008 180427s2017####gr | ||| |||| ||gre||
020 |a 9789602217450  
040 |a GR-MyUa  |b gre  |c GR-MyUa  |e AACR2 
041 0 |a gre 
082 7 |a 338.479109495   |2 (23) 
100 1 |a Νικολακάκης, Μιχάλης. 
245 1 1 |a « Μοντέρνα Κίρκη » :   |b τουρισμός και ελληνική κοινωνία την περίοδο 1950-1974 /   |c Μιχάλης Νικολακάκης ; πρόλογος Γεράσιμος Ζαχαράτος.  
260 |a Αθήνα :   |b Αλέξάνδεια,   |c 2017.  
300 |a 198 σ. ;   |c 21 εκ.  
490 1 |a (Νεότερη και σύγχρονη ιστορία / Αλεξάνδρεια) 
504 |a Περιλαμβάνει βιβλιογραφία. 
650 0 |a Tourism  |x Social aspects  |z Greece. 
700 1 |a Ζαχαράτος, Γεράσιμος,  |e aui 
830 0 |a Νεότερη και σύγχρονη ιστορία (Αλεξάνδρεια) 
852 |a INST  |b LESVOS  |c EUDOXUS  |e 20180427  |h 338.479109495 ΝΙΚ  |p 005100060198  |q 005100060198  |t EDX  |y 0 
852 |a INST  |b LESVOS  |c EUDOXUS  |e 20220517  |h 338.479109495 ΝΙΚ  |p 005100063512  |q 005100063512  |t EDX  |y 0 
920 |a Εύδοξος  |b Παραγγελία  |y Λέσβος-ΤΠ  |z 2018-04 
920 |a Εύδοξος  |b Παραγγελία  |y Λέσβος-ΤΚΑΙ  |z 2022-05 
970 |a Τζαφέρη  |b Ευαγγελία  |z 27-04-2018